000 01047nam0a22002651 4500
001 rc\4586314
005 20260407123723.0
021 _aRU
_b(61-20653)
021 _aRU
_bРг4688
035 _a(NLR Aleph) 008381605
090 _a9121175
_c9121175
100 _a20130416d1961 |||y0rusy50 ca
101 0 _arus
102 _aRU
105 _ay z |||||
200 1 _aМетодика проведения опытов по определению размеров естественной убыли продовольственных товаров в розничной торговой сети районов Крайнего Севера
_e[Утв. НИИТОП 11/III 1961 г.
210 _aМосква
_cБ. и.
_d1961]
215 _a23 с.
_d22
300 _aБез тит. л. и обл.
712 0 2 _aНИИ торговли и общественного питания
_cМосква
_9423778
_3RU\NLR\AUTH\889963766
801 0 _aRU
_bNLR
_gpsbo
801 1 _aRU
_bELAR
_2rusmarc
852 _aNLR
_j61-6/3584
942 _cBOOK
980 _aNB